Coal distribution in India: rail transportation (Record no. 501504)

000 -LEADER
fixed length control field 00431cam a22001337a 4500
008 - FIXED-LENGTH DATA ELEMENTS--GENERAL INFORMATION
fixed length control field 180718b1989 xxu||||| |||| 00| 0 eng d
082 ## - DEWEY DECIMAL CLASSIFICATION NUMBER
Classification number APPPA 88-89 CHA/A
100 ## - MAIN ENTRY--PERSONAL NAME
Personal name Chandra, Arvind
245 ## - TITLE STATEMENT
Title Coal distribution in India: rail transportation
Statement of responsibility, etc. by Arvind Chandra
260 ## - PUBLICATION, DISTRIBUTION, ETC.
Place of publication, distribution, etc. New Delhi
Name of publisher, distributor, etc. Indian Institute of Public Administration
Date of publication, distribution, etc. 1989
300 ## - PHYSICAL DESCRIPTION
Extent 33+p.
650 ## - SUBJECT ADDED ENTRY--TOPICAL TERM
Topical term or geographic name entry element Rail transportation
650 ## - SUBJECT ADDED ENTRY--TOPICAL TERM
Topical term or geographic name entry element Coal distribution-India
Holdings
Withdrawn status Lost status Damaged status Not for loan Permanent Location Current Location Date acquired Full call number Barcode Date last seen Price effective from Koha item type
        Indian Institute of Public Administration Indian Institute of Public Administration 2018-08-04 APPPA 88-89 CHA/A GR12173 2018-08-04 2018-08-04 GR

Powered by Koha